"Люблю її вільний дух!..": [Інтерв'ю з відомим письм. і видавцем, лауреатом літ. премії ім. Л. Українки Є. Шморгуном з нагоди річниці від дня народж. укр. поетеси Л. Українки] (Запис № 303701)

МАРК-запис
000 -Лідер
fixed length control field 00765nam a22001817a 4500
003 - Ідентифікатор контрольного номера
control field UA-OsUOA
001 - Контрольний номер
control field 17533
007 - Фіксоване поле фізичного опису
fixed length control field ta
008 - Елементи даних фіксованої довжини – загальна інформація
fixed length control field 20040313b un ||||| |||| 00| 0 ukr d
040 ## - Джерело каталогізації
Агенція оригінальної каталогізації UA-OsUOA
Агенція, яка здійснювала перезапис UA-OsUOA
Агенція, яка здійснювала модифікацію UA-OsUOA
100 ## - Основне введення – ім’я особи
Ім’я особи (НП) Шморгун Є.
245 ## - Відомості про назву
Назва (НП) "Люблю її вільний дух!..": [Інтерв'ю з відомим письм. і видавцем, лауреатом літ. премії ім. Л. Українки Є. Шморгуном з нагоди річниці від дня народж. укр. поетеси Л. Українки]
300 ## - Фізичний опис
Обсяг С.6
650 #7 - Додаткове предметне введення – тематичний термін
Тематичний термін чи географічна назва, як елемент введення (НП) Краєзнавча робота
Джерело заголовка чи терміна UDC
773 0# - Введення хост-одиниці (П)
Контрольний номер запису (П) 0
Назва (НП) Нова Волинь
Місце, видавець та дата видання (НП) Рівне
-- 2004
Інформація про взаємозв’язок (П) №8/26 лют./
942 ## - Додаткові елементи входу (Коха)
Тип елемента Koha Стаття періодики
955 ## - Код типу видання за змістом
Код типу видання за змістом (НП) інше

Немає доступних примірників.